| 000 | 01682cam a22003375a 4500 | ||
|---|---|---|---|
| 001 | 16343408 | ||
| 005 | 20150813105624.0 | ||
| 008 | 100721s2011 njua b 001 0 eng | ||
| 020 | _a9780470436271 (hardback) | ||
| 040 |
_aDLC _cDLC _dDLC _dEG-ScBUE _beng |
||
| 082 | 0 | 4 |
_a624 _bAMB _222 |
| 100 | 1 | _aAmbrose, James . | |
| 245 | 1 | 0 |
_aSimplified engineering for architects and builders / _cJames Ambrose and Patrick Tripeny. |
| 250 | _a11th ed. | ||
| 260 |
_aHoboken : _bWiley, _cc.2011. |
||
| 300 |
_axvi, 714 p. : _bill. ; _c23 cm. |
||
| 490 | _aParker-Ambrose series of simplified design guides. | ||
| 500 | _aIndex : p. 699-714. | ||
| 500 | _aGlossary : p. 686-696. | ||
| 504 | _aIncludes bibliographical references. | ||
| 520 | _a"Major revision of this classic reference is reorganized and updated to reflect the latest practices in the design of structures. Since 1938, Simplified Engineering for Architect and Builders has endured as the reference of choice for designers and constructors who need to know the practical procedures for the design of commonly used structures for buildings. Covering both the LRFD and ASD methods for structural design, Simplified Engineering is the go-to book for those working on the design of steel, wood, concrete and masonry building structures"-- | ||
| 590 | _adoaa mohamed | ||
| 650 | 0 |
_aStructural engineering. _2BUEsh |
|
| 651 | _2BUEsh | ||
| 653 |
_bENGARC _cMarch2015 |
||
| 655 |
_vtext book _933728 |
||
| 700 | 1 |
_aTripeny, Patrick. _95306 |
|
| 906 |
_a7 _bcbc _corignew _d1 _eecip _f20 _gy-gencatlg |
||
| 942 |
_2ddc _k624 AMB |
||
| 999 |
_c19026 _d18998 |
||